[Event "SR 4. liga A21 2017/2018"]
[Site "?"]
[Date "2017.11.26"]
[Round "5.4"]
[White "Husek, Lubomir"]
[Black "Valach, Peter"]
[Result "1-0"]
[WhiteElo "1836"]
[BlackElo "1760"]
[PlyCount "89"]
[EventDate "2017.??.??"]

1. e4 c5 2. Nf3 d6 3. d4 cxd4 4. Nxd4 Nf6 5. Nc3 a6 6. Be2 e5 7. Nb3 Be6 8. Be3
Be7 9. O-O O-O 10. a4 b6 11. f3 Nbd7 12. Nd5 Bxd5 13. exd5 Qc7 14. c4 Nc5 15.
Nd2 Ne8 16. b4 Nd7 17. Ne4 h6 18. g4 Ndf6 19. Ng3 Nd7 20. Ne4 Nef6 21. Ng3 Nh7
22. Ne4 Ng5 23. Ng3 Nh3+ 24. Kh1 Bg5 25. Bxg5 hxg5 26. Bd3 g6 27. Rc1 a5 28.
Qb3 axb4 29. Qxb4 Nc5 30. Bc2 Kg7 31. Rb1 Ra6 32. Ne4 Nxe4 33. fxe4 Qd7 34. Bd1
Nf4 35. Qb5 Qxb5 36. cxb5 Raa8 37. Rc1 Rfc8 38. Rc6 Rxc6 39. dxc6 Ne6 40. Bb3
Ra7 41. Bxe6 fxe6 42. Rd1 Kf7 43. Rc1 Ra8 44. c7 Rc8 45. a5 1-0

[Event "SR 4. liga A21 2017/2018"]
[Site "?"]
[Date "2017.11.26"]
[Round "5.4"]
[White "Karel, Jozef"]
[Black "Hrubos, Milan"]
[Result "1-0"]
[WhiteElo "1710"]
[BlackElo "1764"]
[PlyCount "93"]
[EventDate "2017.??.??"]

1. e4 c5 2. Nf3 Nc6 3. d4 cxd4 4. Nxd4 d6 5. Bc4 Nf6 6. Nc3 e6 7. O-O Be7 8.
Bb3 O-O 9. Be3 Bd7 10. f4 a6 11. Qf3 Qc7 12. h3 Nxd4 13. Bxd4 e5 14. Be3 b5 15.
g4 b4 16. Nd5 Nxd5 17. exd5 f5 18. fxe5 fxg4 19. Qg3 Bf5 20. hxg4 Bg6 21. Bf4
Rad8 22. exd6 Bxd6 23. Bxd6 Rxd6 24. Rxf8+ Kxf8 25. Qf4+ Bf7 26. Qxb4 a5 27.
Qd4 Qd7 28. Rf1 Kg8 29. c4 Rg6 30. Bd1 Rg5 31. Qf4 h6 32. Kg2 Rg6 33. Kg3 Rb6
34. b3 g5 35. Qe5 Qd6 36. Qxd6 Rxd6 37. Bc2 Kg7 38. a3 Rd8 39. Re1 Kf6 40. Bf5
Rb8 41. Re3 h5 42. gxh5 Bxh5 43. Bg4 Bf7 44. Bd7 Rd8 45. Be6 Bh5 46. c5 Bd1 47.
c6 1-0

[Event "SR 4. liga A21 2017/2018"]
[Site "?"]
[Date "2017.11.26"]
[Round "5.4"]
[White "Vach, Jozef"]
[Black "Sulko, Vit"]
[Result "1-0"]
[WhiteElo "1682"]
[BlackElo "1659"]
[PlyCount "105"]
[EventDate "2017.??.??"]

1. e4 c5 2. Nf3 d6 3. c4 Nf6 4. Nc3 g6 5. d4 cxd4 6. Nxd4 Bg7 7. Be2 O-O 8. O-O
Bd7 9. Be3 Nc6 10. Qd2 Rc8 11. Rac1 a6 12. h3 Nxd4 13. Bxd4 Bc6 14. f3 Nh5 15.
Bxg7 Kxg7 16. Kh2 Qc7 17. f4 Kg8 18. Bxh5 gxh5 19. Qe2 f6 20. Qxh5 Rf7 21. Rce1
Rg7 22. g3 Be8 23. Qe2 Qxc4 24. Qxc4+ Rxc4 25. e5 dxe5 26. fxe5 fxe5 27. Rxe5
Bc6 28. Ref5 h6 29. Rf8+ Kh7 30. R1f2 Rd4 31. R8f4 Rd3 32. g4 Re3 33. Ne2 Bd5
34. b3 Rg5 35. Ng3 Re1 36. Rf1 Rge5 37. Rxe1 Rxe1 38. Rf2 Kg6 39. Re2 Rxe2+ 40.
Nxe2 e6 41. Nf4+ Kg5 42. Nxd5 exd5 43. Kg3 d4 44. h4+ Kg6 45. Kf4 d3 46. Ke3 d2
47. Kxd2 Kf6 48. Kd3 Ke5 49. Ke3 b5 50. b4 Kf6 51. Kd4 Ke6 52. Kc5 Ke5 53. g5
1-0

[Event "SR 4. liga A21 2017/2018"]
[Site "?"]
[Date "2017.11.26"]
[Round "5.4"]
[White "Slezak, Rudolf"]
[Black "Stasek, Daniel"]
[Result "1-0"]
[WhiteElo "1644"]
[BlackElo "1609"]
[PlyCount "58"]
[EventDate "2017.??.??"]

1. Nf3 Nf6 2. c4 e6 3. Nc3 d5 4. cxd5 exd5 5. d4 Bb4 6. Bd2 O-O 7. g3 c6 8. Bg2
Re8 9. O-O Nbd7 10. Re1 Nf8 11. a3 Bd6 12. Qc2 Ng6 13. b4 Bg4 14. h3 Bd7 15.
Bg5 h6 16. Bd2 Qc8 17. Kh2 Bf5 18. Qc1 Ne4 19. Nxe4 dxe4 20. Ng1 Qc7 21. Qc3
Ne7 22. e3 Nd5 23. Qb3 h5 24. Ne2 h4 25. Nf4 g5 26. Nxd5 hxg3+ 27. Kh1 cxd5 28.
Qxd5 Qd7 29. fxg3 Qe7 1-0

[Event "SR 4. liga A21 2017/2018"]
[Site "?"]
[Date "2017.11.26"]
[Round "5.4"]
[White "Benak, Peter"]
[Black "Pinkas, Jan"]
[Result "1-0"]
[WhiteElo "1602"]
[BlackElo "1516"]
[PlyCount "107"]
[EventDate "2017.??.??"]

1. c4 e6 2. g3 Nf6 3. Bg2 d5 4. cxd5 Nxd5 5. Nf3 Nc6 6. Nc3 Nxc3 7. dxc3 Qxd1+
8. Kxd1 Bc5 9. e3 O-O 10. b4 Be7 11. a4 Bf6 12. Nd4 Nxd4 13. cxd4 c6 14. Ke2 e5
15. dxe5 Bxe5 16. Rb1 Rb8 17. Bb2 Bxb2 18. Rxb2 Be6 19. Rd1 Rbd8 20. Rbd2 Rxd2+
21. Rxd2 f6 22. f4 Kf7 23. e4 Ke7 24. Ke3 Rc8 25. Rb2 Rd8 26. Bf3 Bc4 27. Rd2
Rxd2 28. Kxd2 Kd6 29. Kc3 b5 30. axb5 cxb5 31. Kd4 Be6 32. e5+ Kc7 33. exf6
gxf6 34. Kc5 a6 35. g4 h6 36. h4 Bc8 37. g5 fxg5 38. fxg5 hxg5 39. hxg5 Bf5 40.
Bh5 Be6 41. g6 Bg8 42. g7 Kd7 43. Kb6 Ke7 44. Kxa6 Kf6 45. Kxb5 Kxg7 46. Kc5
Bh7 47. b5 Be4 48. Kd6 Kf6 49. b6 Bb7 50. Be8 Ba6 51. Bc6 Bc8 52. Kc7 Ba6 53.
Bb5 Bxb5 54. b7 1-0

[Event "SR 4. liga A21 2017/2018"]
[Site "?"]
[Date "2017.11.26"]
[Round "5.5"]
[White "Slaby, Jozef"]
[Black "Zajicek, Ferdinand"]
[Result "1/2-1/2"]
[WhiteElo "1730"]
[BlackElo "1775"]
[PlyCount "92"]
[EventDate "2017.??.??"]

1. Nf3 c5 2. c4 Nf6 3. g3 Nc6 4. Bg2 g6 5. O-O Bg7 6. Nc3 O-O 7. a3 d6 8. d3
Bd7 9. Qc2 Qc8 10. Re1 Bh3 11. Bh1 a6 12. Rb1 Bd7 13. Na4 Qc7 14. Nc3 e5 15. b4
Rfb8 16. b5 axb5 17. Nxb5 Qa5 18. Bd2 Qa4 19. Qxa4 Rxa4 20. Nxd6 Rxa3 21. Rxb7
Rxb7 22. Nxb7 e4 23. Ng5 exd3 24. Nxc5 dxe2 25. Nxd7 Nd4 26. Nxf6+ Bxf6 27. Ne4
Bd8 28. Be3 Ba5 29. Bd2 Bxd2 30. Nxd2 Rd3 31. f4 Rxd2 32. Kf2 Rd1 33. Bb7 Kf8
34. c5 Ke7 35. Ba6 Kd7 36. Bxe2 Rxe1 37. Kxe1 Kc6 38. Bc4 f6 39. Kf2 Kxc5 40.
Bf7 Nf5 41. g4 Nd6 42. Bg8 h6 43. Ke3 g5 44. Ba2 Nb5 45. Bb1 Nd6 46. Ba2 Nb5
1/2-1/2

[Event "SR 4. liga A21 2017/2018"]
[Site "?"]
[Date "2017.11.26"]
[Round "5.5"]
[White "Kanka, Tomas"]
[Black "Vagovic, Milan"]
[Result "1/2-1/2"]
[WhiteElo "1705"]
[BlackElo "1652"]
[PlyCount "103"]
[EventDate "2017.??.??"]

1. e4 c5 2. c3 d6 3. d4 cxd4 4. cxd4 Nf6 5. Bd3 Nc6 6. Nf3 Qb6 7. h3 e6 8. Nc3
Be7 9. O-O O-O 10. Re1 Nxd4 11. Nxd4 Qxd4 12. e5 dxe5 13. Nb5 Qd7 14. Qb3 a6
15. Rd1 Qc6 16. Nc3 b5 17. Be3 Bb7 18. f3 Bc5 19. Bxc5 Qxc5+ 20. Kh1 Rfd8 21.
Rac1 Qe7 22. a4 b4 23. Ne4 Nxe4 24. Bxe4 Bxe4 25. fxe4 a5 26. Qg3 f6 27. Rf1
Rd7 28. Rc6 Kh8 29. Rfc1 Rad8 30. Kh2 h6 31. Qg4 Rd6 32. Rc7 R6d7 33. R7c6 Rd6
34. Rc7 R6d7 35. R7c6 Rd6 36. Rc7 Qf8 37. Qg6 R6d7 38. R7c6 Qe8 39. Qg4 Re7 40.
b3 Kh7 41. R6c5 Ra8 42. Rc6 Qg6 43. Rd6 f5 44. Qxg6+ Kxg6 45. exf5+ Kxf5 46.
Rf1+ Kg5 47. Re1 Kf5 48. Rf1+ Kg6 49. Re1 Kf6 50. Rf1+ Kg5 51. Re1 Kf5 52. Rf1+
1/2-1/2

[Event "SR 4. liga A21 2017/2018"]
[Site "?"]
[Date "2017.11.26"]
[Round "5.5"]
[White "Piestansky, Jan"]
[Black "Kastler, Peter"]
[Result "1/2-1/2"]
[WhiteElo "1644"]
[BlackElo "1724"]
[PlyCount "102"]
[EventDate "2017.??.??"]

1. e4 e6 2. Nf3 d5 3. exd5 exd5 4. d4 Nf6 5. h3 Bd6 6. Bd3 O-O 7. O-O b6 8. c3
Ba6 9. Bg5 Bxd3 10. Qxd3 Nbd7 11. Nbd2 c6 12. Rfe1 Qc7 13. Re2 Rfe8 14. Rae1
Rxe2 15. Rxe2 Re8 16. Rxe8+ Nxe8 17. Qe2 Nef6 18. a3 Qb8 19. c4 h6 20. Be3 Qe8
21. cxd5 Nxd5 22. Qd3 N7f6 23. Nc4 Bc7 24. Nce5 Nxe3 25. fxe3 Qe6 26. Qc2 c5
27. Qc4 Qxc4 28. Nxc4 cxd4 29. exd4 Kf8 30. Kf2 Ke7 31. Ke3 Ke6 32. g4 g5 33.
b3 Nd5+ 34. Ke4 f6 35. Ne3 Nxe3 36. Kxe3 Kd5 37. Kd3 Bf4 38. a4 a6 39. Ng1 Bg3
40. Ne2 Bd6 41. Nc3+ Ke6 42. Ke4 Bc7 43. d5+ Kf7 44. Kf5 Be5 45. Ne4 b5 46.
axb5 axb5 47. Nf2 Ke7 48. Nd3 Kd6 49. Ke4 Bc3 50. Nf2 Kc5 51. Nd3+ Kd6 1/2-1/2

[Event "SR 4. liga A21 2017/2018"]
[Site "?"]
[Date "2017.11.26"]
[Round "5.5"]
[White "Papanek, Lubomir"]
[Black "Pripko, Bystrik"]
[Result "0-1"]
[WhiteElo "1621"]
[BlackElo "1623"]
[PlyCount "152"]
[EventDate "2017.??.??"]

1. e4 e5 2. Nf3 Nc6 3. d4 exd4 4. Bc4 Bb4+ 5. c3 dxc3 6. bxc3 Qf6 7. Bb2 Nge7
8. O-O O-O 9. e5 Nxe5 10. Nxe5 Qxe5 11. Re1 Qf6 12. Qe2 Bc5 13. Nd2 d5 14. Bd3
b6 15. Nb3 Bd6 16. c4 Qh6 17. g3 dxc4 18. Be4 Rb8 19. Qxc4 a5 20. Rad1 Be6 21.
Qd3 Ng6 22. Bc1 Qh3 23. Bg2 Qf5 24. Be4 Qh5 25. f4 Bxb3 26. Qxb3 Qg4 27. Bf3
Qh3 28. Bg2 Qf5 29. Rd5 Qd7 30. Rh5 Rbe8 31. Rd1 Qe6 32. Qd3 Qe2 33. Qxe2 Rxe2
34. a4 Rfe8 35. Kf1 Bc5 36. Rhd5 Rf2+ 37. Kg1 Rxf4+ 38. Kh1 Rg4 39. Rxc5 bxc5
40. Bc6 Rge4 41. Bxe8 Rxe8 42. Ba3 c4 43. Rd5 f6 44. Rxa5 Ne5 45. Rc5 c6 46.
Bc1 g5 47. h4 Nd3 48. Rxc4 Re1+ 49. Kg2 Rxc1 50. Rd4 Rc2+ 51. Kf1 Ne5 52. hxg5
fxg5 53. Re4 Ng6 54. Ke1 Kg7 55. Kd1 Rg2 56. Re3 Kh6 57. Rc3 Kh5 58. Ke1 Kg4
59. Kf1 Rxg3 60. Rxc6 Nf4 61. Rh6 Rh3 62. Rd6 h5 63. Rd2 h4 64. Ra2 Rd3 65. Kg1
Kg3 66. Ra1 h3 67. Rf1 Rd2 68. Re1 Re2 69. Ra1 Rf2 70. Ra3+ Rf3 71. Ra2 Re3 72.
Ra1 g4 73. Rf1 Re2 74. Ra1 Rg2+ 75. Kh1 Rh2+ 76. Kg1 Ne2+ 0-1

[Event "SR 4. liga A21 2017/2018"]
[Site "?"]
[Date "2017.11.26"]
[Round "5.5"]
[White "Kuracina, Lubomir"]
[Black "Ralbovsky, Milan"]
[Result "0-1"]
[WhiteElo "1530"]
[BlackElo "1500"]
[PlyCount "52"]
[EventDate "2017.??.??"]

1. e4 e5 2. Nf3 d6 3. d4 f6 4. d5 Bd7 5. c4 c5 6. Nc3 a6 7. Be3 Ne7 8. Bd3 Ng6
9. Nd2 Be7 10. O-O O-O 11. f4 exf4 12. Bxf4 Nxf4 13. Rxf4 Qe8 14. Qc2 Qh5 15.
Raf1 Qe5 16. a4 a5 17. Nb5 Na6 18. Qc3 Bxb5 19. Qxe5 dxe5 20. axb5 exf4 21.
bxa6 Rxa6 22. Bc2 Bd6 23. Rf2 Be5 24. b3 a4 25. bxa4 Rb6 26. Bb3 Bc3 0-1

[Event "SR 4. liga A21 2017/2018"]
[Site "?"]
[Date "2017.11.26"]
[Round "5.6"]
[White "Gajarsky, Julius"]
[Black "Sadlon, Juraj"]
[Result "0-1"]
[WhiteElo "1727"]
[BlackElo "1883"]
[PlyCount "78"]
[EventDate "2017.??.??"]

1. d4 Nf6 2. c4 c6 3. Nc3 d6 4. Nf3 Bg4 5. e3 Nbd7 6. Be2 g6 7. h3 Bxf3 8. Bxf3
Bg7 9. O-O O-O 10. Qc2 e5 11. Rd1 Qc7 12. d5 c5 13. Nb5 Qb6 14. Rb1 a6 15. Nc3
Qc7 16. g4 h6 17. h4 e4 18. Nxe4 Ne5 19. Nxf6+ Bxf6 20. Be4 Bxh4 21. f3 f5 22.
gxf5 gxf5 23. Bxf5 Qg7+ 24. Kh1 Nxf3 25. e4 Nd4 26. Rxd4 cxd4 27. Bf4 Qf6 28.
Qh2 Rad8 29. Rg1+ Kf7 30. Rg6 Qe7 31. Rxh6 Rh8 32. Bxd6 Rxh6 33. Bxe7 Rdh8 34.
Bxh4 Rxh4 35. Qxh4 Rxh4+ 36. Kg2 d3 37. e5 d2 38. Bc2 Rxc4 39. e6+ Ke7 0-1

[Event "SR 4. liga A21 2017/2018"]
[Site "?"]
[Date "2017.11.26"]
[Round "5.6"]
[White "Hanzluvka, Peter"]
[Black "Vojtkova, Linda"]
[Result "1-0"]
[WhiteElo "1887"]
[BlackElo "1450"]
[PlyCount "105"]
[EventDate "2017.??.??"]

1. e4 c5 2. Nf3 Nc6 3. d4 cxd4 4. Nxd4 Nf6 5. Nc3 d6 6. Nxc6 bxc6 7. Bc4 e5 8.
O-O Be7 9. Kh1 O-O 10. f4 exf4 11. Bxf4 Be6 12. Bxe6 fxe6 13. e5 Nd5 14. Nxd5
exd5 15. Qg4 dxe5 16. Bxe5 Bf6 17. Qe6+ Kh8 18. Bxf6 Rxf6 19. Rxf6 Qxf6 20.
Qxf6 gxf6 21. Re1 Kg7 22. Kg1 Kf7 23. Kf2 Rb8 24. b3 a5 25. Re3 d4 26. Rh3 Kg6
27. Ke2 c5 28. Kd3 a4 29. Kc4 a3 30. Rf3 Re8 31. Rf2 Re1 32. b4 Rb1 33. bxc5
Rb2 34. c6 d3 35. Kxd3 Rb6 36. Rf4 Rxc6 37. Rb4 Re6 38. Rb3 Re1 39. Kd2 Rh1 40.
h3 Rh2 41. Rg3+ Kf5 42. Kc3 h5 43. Kb3 Kf4 44. Rg6 Kf5 45. Rg8 Kf4 46. Kxa3 Ke3
47. Rg6 Kd4 48. Kb4 f5 49. a4 f4 50. a5 f3 51. c3+ Ke4 52. gxf3+ Kxf3 53. a6
1-0

[Event "SR 4. liga A21 2017/2018"]
[Site "?"]
[Date "2017.11.26"]
[Round "5.6"]
[White "Kramar, Matus"]
[Black "Skapik, Branislav"]
[Result "1/2-1/2"]
[WhiteElo "1544"]
[BlackElo "1815"]
[PlyCount "47"]
[EventDate "2017.??.??"]

1. e4 e5 2. Nf3 Nc6 3. Bc4 Bc5 4. O-O d6 5. h3 Nf6 6. d3 h6 7. Be3 Bb6 8. Nbd2
O-O 9. c3 Na5 10. Bb3 Nxb3 11. Nxb3 Be6 12. Qc2 c5 13. Rad1 Rc8 14. Rfe1 Qc7
15. Nbd2 Nh7 16. Nf1 f5 17. exf5 Bxf5 18. Ng3 Bxh3 19. Nxe5 Bxg2 20. Qb3+ c4
21. dxc4 Bxe3 22. c5+ d5 23. Rxe3 Rce8 24. Kxg2 1/2-1/2

[Event "SR 4. liga A21 2017/2018"]
[Site "?"]
[Date "2017.11.26"]
[Round "5.6"]
[White "Pericka, Pavol"]
[Black "Skreko, Igor"]
[Result "1-0"]
[WhiteElo "1777"]
[BlackElo "1519"]
[PlyCount "65"]
[EventDate "2017.??.??"]

1. e4 c5 2. Bc4 e6 3. Qe2 Nc6 4. Nf3 g6 5. c3 Bg7 6. d3 Nge7 7. Bg5 Na5 8. Bb5
a6 9. Ba4 b5 10. Bd1 f6 11. Bf4 e5 12. Be3 d6 13. b4 cxb4 14. cxb4 Nac6 15. a3
d5 16. Bb3 Be6 17. Bc5 Qd7 18. Qa2 Kf7 19. Nc3 dxe4 20. Nxe4 Nc8 21. Nfg5+ fxg5
22. Nxg5+ Kf6 23. Nxe6 Re8 24. Nxg7 Kxg7 25. O-O N8e7 26. Be6 Qb7 27. Rfe1 Nd4
28. Rxe5 Nxe6 29. Rxe6 Rac8 30. Bd4+ Kh6 31. Qd2+ Kh5 32. Qe2+ Kh6 33. Qe3+ 1-0

[Event "SR 4. liga A21 2017/2018"]
[Site "?"]
[Date "2017.11.26"]
[Round "5.6"]
[White "Longauer, Jan"]
[Black "Brath, Zdeno"]
[Result "1-0"]
[WhiteElo "1546"]
[BlackElo "1547"]
[PlyCount "103"]
[EventDate "2017.??.??"]

1. e4 e5 2. Nf3 Nc6 3. d4 exd4 4. Bc4 h6 5. O-O d6 6. Nxd4 Ne5 7. Bb3 Be7 8.
Nc3 c6 9. f4 Ng6 10. Be3 Bf6 11. Qe2 N8e7 12. Rad1 Qc7 13. a4 O-O 14. Qh5 Kh7
15. Nce2 Bxd4 16. Nxd4 a6 17. Nf5 Nxf5 18. exf5 Nh8 19. f6 g6 20. Qh4 Re8 21.
Rf3 Rxe3 22. Rxe3 Qb6 23. Qf2 d5 24. Re7 Qxf2+ 25. Kxf2 Be6 26. Rxb7 g5 27.
fxg5 hxg5 28. Rc7 Ng6 29. Rxc6 Ne5 30. Rd6 Ng4+ 31. Kg1 Nxf6 32. Bxd5 Nxd5 33.
R6xd5 Bxd5 34. Rxd5 Kg6 35. Kf2 Rc8 36. c3 Rc6 37. Ke3 f6 38. Kd3 Kf7 39. b4
Ke6 40. Rd4 f5 41. b5 axb5 42. axb5 Rc5 43. c4 Rc8 44. b6 Rc6 45. c5 Rxc5 46.
Rb4 Rc8 47. b7 Rb8 48. Kd4 Kd6 49. Rb6+ Kc7 50. Kc5 Rxb7 51. Rxb7+ Kxb7 52. Kd5
1-0

[Event "SR 4. liga A21 2017/2018"]
[Site "?"]
[Date "2017.12.10"]
[Round "6.1"]
[White "Vogl, Zdenek"]
[Black "Hanzluvka, Peter"]
[Result "1-0"]
[WhiteElo "1932"]
[BlackElo "1879"]
[PlyCount "83"]
[EventDate "2017.??.??"]

1. e4 c5 2. Nf3 d6 3. d4 cxd4 4. Nxd4 Nf6 5. Nc3 a6 6. Bc4 e6 7. a4 Qc7 8. Bb3
Be7 9. O-O O-O 10. Be3 Nc6 11. f3 Na5 12. Qe1 e5 13. Nf5 Bxf5 14. exf5 Nxb3 15.
cxb3 d5 16. Rc1 Qd7 17. Bg5 Rfe8 18. Rd1 Rad8 19. Bxf6 Bxf6 20. Nxd5 Qxf5 21.
Qe4 Qxe4 22. fxe4 Kf8 23. Rf3 Be7 24. Rc3 Rd7 25. Rdc1 Bg5 26. R1c2 f5 27. Nc7
Ree7 28. exf5 Rd1+ 29. Kf2 Rd2+ 30. Kf3 e4+ 31. Kg4 Rxc2 32. Rxc2 Bh6 33. Ne6+
Kf7 34. Re2 e3 35. Kf3 Kf6 36. g4 Bg5 37. Nxg5 Kxg5 38. h3 Kh4 39. Rxe3 Rxe3+
40. Kxe3 Kxh3 41. Kf4 Kh4 42. g5 1-0

[Event "SR 4. liga A21 2017/2018"]
[Site "?"]
[Date "2017.12.10"]
[Round "6.1"]
[White "Skapik, Branislav"]
[Black "Hrubsa, Marian"]
[Result "1-0"]
[WhiteElo "1800"]
[BlackElo "1940"]
[PlyCount "67"]
[EventDate "2017.??.??"]

1. e4 e6 2. d4 d5 3. Nd2 Nf6 4. e5 Nfd7 5. Ngf3 c5 6. c3 Nc6 7. Nb3 cxd4 8.
cxd4 Be7 9. Bd3 Nb4 10. O-O Nxd3 11. Qxd3 b6 12. Be3 a5 13. Rac1 Ba6 14. Qd2
Bxf1 15. Kxf1 Rc8 16. Ng5 h6 17. Nh3 Bb4 18. Qd3 Rxc1+ 19. Nxc1 Qc7 20. a3 Be7
21. Qd2 b5 22. Nd3 Qc4 23. g4 b4 24. Kg2 bxa3 25. bxa3 Bxa3 26. Nhf4 Bb4 27.
Nxb4 axb4 28. Nh5 Rg8 29. g5 Nxe5 30. dxe5 Ke7 31. Bd4 b3 32. Qa5 Rc8 33. Qa3+
Kd7 34. Qd6+ 1-0

[Event "SR 4. liga A21 2017/2018"]
[Site "?"]
[Date "2017.12.10"]
[Round "6.1"]
[White "Vepy, Ivan"]
[Black "Pericka, Pavol"]
[Result "1-0"]
[WhiteElo "1850"]
[BlackElo "1786"]
[PlyCount "57"]
[EventDate "2017.??.??"]

1. e4 e5 2. Bc4 Bc5 3. Nf3 Nc6 4. a3 Nf6 5. d3 a6 6. Nc3 h6 7. Be3 Bxe3 8. fxe3
d6 9. h3 Be6 10. Nd5 Nd7 11. Qd2 Ne7 12. Ba2 c6 13. Nxe7 Qxe7 14. O-O g5 15. d4
g4 16. hxg4 Bxg4 17. Nh2 Bh5 18. Qb4 O-O-O 19. Nf3 Bxf3 20. Rxf3 Rdf8 21. Raf1
Rh7 22. dxe5 Nxe5 23. Rf6 Rd8 24. R1f5 Rd7 25. Qb6 Ng4 26. Rxf7 Qh4 27. Rf8+
Rd8 28. Be6+ Rhd7 29. Rxd8+ 1-0

[Event "SR 4. liga A21 2017/2018"]
[Site "?"]
[Date "2017.12.10"]
[Round "6.1"]
[White "Brath, Zdeno"]
[Black "Planka, Peter"]
[Result "0-1"]
[WhiteElo "1571"]
[BlackElo "1782"]
[PlyCount "76"]
[EventDate "2017.??.??"]

1. e4 e5 2. Bc4 Bc5 3. d3 Nf6 4. Nc3 O-O 5. Bg5 Be7 6. Qf3 Nc6 7. Qg3 d6 8.
Bxf6 Bxf6 9. Nge2 Na5 10. Bb3 Nxb3 11. axb3 c6 12. O-O Bg5 13. f4 exf4 14. Nxf4
Bxf4 15. Rxf4 Be6 16. Ne2 Qe7 17. d4 d5 18. e5 Qb4 19. Qd3 Qe7 20. Raf1 Qg5 21.
Ng3 Qg6 22. Nf5 Bxf5 23. Rxf5 Rae8 24. R1f3 Re6 25. Rh3 h6 26. Qf3 a6 27. Rg3
Qh7 28. Rf6 Qxc2 29. Qg4 Qb1+ 30. Kf2 Qxb2+ 31. Kg1 Qc1+ 32. Kf2 Qd2+ 33. Kf1
Rxf6+ 34. exf6 g6 35. Rh3 Re8 36. Qg3 Qd1+ 37. Kf2 Qe1+ 38. Kf3 Re3+ 0-1

[Event "SR 4. liga A21 2017/2018"]
[Site "?"]
[Date "2017.12.10"]
[Round "6.1"]
[White "Romanova, Ela"]
[Black "Dest, Stanislav"]
[Result "1/2-1/2"]
[WhiteElo "1418"]
[BlackElo "1485"]
[PlyCount "115"]
[EventDate "2017.??.??"]

1. e4 e5 2. Nf3 Nc6 3. Bb5 a6 4. Bxc6 dxc6 5. Nxe5 Qd4 6. Nf3 Qxe4+ 7. Qe2
Qxe2+ 8. Kxe2 Bg4 9. h3 Bh5 10. Re1 O-O-O 11. g4 Bg6 12. d3 f6 13. Nc3 Bd6 14.
Bd2 Ne7 15. Kf1 Rhe8 16. Re2 Nd5 17. Nh4 Rxe2 18. Kxe2 Bf7 19. Ng2 g5 20. Rf1
h5 21. f4 hxg4 22. hxg4 Be6 23. f5 Bf7 24. Kd1 Rh8 25. Ne4 Be7 26. c4 Nb6 27.
Re1 Kd8 28. Bc3 Nd7 29. Nxg5 Bg8 30. Ne4 Rh2 31. Re2 b5 32. Nf4 Rxe2 33. Kxe2
bxc4 34. dxc4 Bxc4+ 35. Kd2 Bxa2 36. Nh5 Bd5 37. Nexf6 Bxf6 38. Nxf6 Nf8 39.
Nxd5 cxd5 40. Kd3 c5 41. Be5 Nd7 42. Bd6 Ke8 43. Ke3 Kf7 44. g5 a5 45. b3 c4
46. bxc4 dxc4 47. Kd4 Nb6 48. g6+ Kg8 49. f6 Nd7 50. Be7 c3 51. Kxc3 Ne5 52. g7
Kf7 53. Kb3 Nf3 54. Ka4 Nh4 55. Kxa5 Nf5 56. Bf8 Ng3 57. Kb5 Nh5 58. Kc5
1/2-1/2

[Event "SR 4. liga A21 2017/2018"]
[Site "?"]
[Date "2017.12.10"]
[Round "6.2"]
[White "Kocak, Branislav"]
[Black "Kozinka, Roman"]
[Result "1/2-1/2"]
[WhiteElo "1863"]
[BlackElo "2005"]
[PlyCount "35"]
[EventDate "2017.??.??"]

1. d4 Nf6 2. c4 e6 3. Nc3 c5 4. Nf3 cxd4 5. Nxd4 a6 6. Bg5 Nc6 7. e3 h6 8. Nxc6
bxc6 9. Bh4 d5 10. Be2 Rb8 11. Qc2 Be7 12. O-O O-O 13. Rfd1 Qb6 14. Rab1 a5 15.
Bg3 Rb7 16. e4 d4 17. Na4 Qa7 18. c5 1/2-1/2

[Event "SR 4. liga A21 2017/2018"]
[Site "?"]
[Date "2017.12.10"]
[Round "6.2"]
[White "Gajarsky, Julius"]
[Black "Kubis, Ivan"]
[Result "0-1"]
[WhiteElo "1721"]
[BlackElo "1909"]
[PlyCount "102"]
[EventDate "2017.??.??"]

1. d4 Nf6 2. c4 e6 3. Nc3 Bb4 4. Qc2 O-O 5. Bg5 d5 6. e3 h6 7. Bh4 Nbd7 8. Nf3
b6 9. a3 Be7 10. cxd5 exd5 11. Bd3 Bb7 12. O-O c5 13. Bg3 Rc8 14. Rac1 Nh5 15.
Qe2 Nxg3 16. fxg3 c4 17. Bf5 g6 18. Bxd7 Qxd7 19. Ne5 Qe6 20. Nb5 a6 21. Nc3
Kg7 22. Qf2 Bd6 23. Nf3 b5 24. Rc2 Bc6 25. Rfc1 f5 26. Nd1 a5 27. Ra1 b4 28.
axb4 axb4 29. Nd2 Ra8 30. Rcc1 Bb5 31. b3 c3 32. Nf1 Bd3 33. h3 Rfe8 34. h4
Rxa1 35. Rxa1 c2 36. Nb2 Bxf1 37. Kxf1 Qxe3 38. Qxc2 Bxg3 39. Nd3 Qxd4 40. Rd1
Qc3 41. Rc1 Re3 42. Qxc3+ bxc3 43. Nb4 d4 44. Nc2 Re4 45. Rd1 Be5 46. Ne1 Rxh4
47. Ke2 Re4+ 48. Kf2 Rxe1 49. Kxe1 Bf4 50. Rxd4 c2 51. Rc4 c1=Q+ 0-1

[Event "SR 4. liga A21 2017/2018"]
[Site "?"]
[Date "2017.12.10"]
[Round "6.2"]
[White "Valla, Tomas"]
[Black "Longauer, Jan"]
[Result "1-0"]
[WhiteElo "1845"]
[BlackElo "1679"]
[PlyCount "81"]
[EventDate "2017.??.??"]

1. e4 e6 2. d4 d5 3. Nc3 Bb4 4. Bd3 Nf6 5. e5 Nfd7 6. a3 Bxc3+ 7. bxc3 c5 8.
Qg4 g6 9. h4 c4 10. Be2 Nc6 11. h5 Qa5 12. Bd2 Nf8 13. Nf3 h6 14. hxg6 Nxg6 15.
Nh4 Nce7 16. Nxg6 Nxg6 17. Qg3 Bd7 18. Bh5 Rg8 19. Qf3 O-O-O 20. Bxh6 Rh8 21.
Bg7 Rh7 22. Bf6 Rg8 23. Kd2 Be8 24. g3 Nf8 25. Be7 Qc7 26. Bd6 Qa5 27. Rh4 Ng6
28. Bxg6 Rxh4 29. gxh4 Rxg6 30. Be7 Qc7 31. Bf6 Ba4 32. h5 Rh6 33. Qg4 Qd7 34.
Qg5 Rxf6 35. Qxf6 Qe8 36. Rg1 Bxc2 37. Kxc2 Qa4+ 38. Kd2 Qxa3 39. Rg8+ Kc7 40.
Qd8+ Kc6 41. Qd6+ 1-0

[Event "SR 4. liga A21 2017/2018"]
[Site "?"]
[Date "2017.12.10"]
[Round "6.2"]
[White "Krakorova, Hana"]
[Black "Bilovsky, Milan"]
[Result "0-1"]
[WhiteElo "1021"]
[BlackElo "1939"]
[PlyCount "52"]
[EventDate "2017.??.??"]

1. e4 c5 2. Bc4 e6 3. Nf3 Nc6 4. d3 Nf6 5. Nc3 Be7 6. Be3 d5 7. exd5 exd5 8.
Bb3 d4 9. Bd2 dxc3 10. Bxc3 O-O 11. O-O Bg4 12. h3 Bh5 13. Qd2 Bxf3 14. gxf3
Nd4 15. Bxd4 Qxd4 16. c3 Qh4 17. Kh2 Bd6+ 18. Kg1 Qxh3 19. Rfe1 Bh2+ 20. Kh1
Bf4+ 21. Kg1 Bxd2 22. Re2 Qxf3 23. Rxd2 Nh5 24. Kf1 Rae8 25. Kg1 Nf4 26. Kf1
Qh1# 0-1

[Event "SR 4. liga A21 2017/2018"]
[Site "?"]
[Date "2017.12.10"]
[Round "6.3"]
[White "Sturdik, Igor"]
[Black "Slaba, Andrea"]
[Result "1-0"]
[WhiteElo "1966"]
[BlackElo "1948"]
[PlyCount "87"]
[EventDate "2017.??.??"]

1. e4 e6 2. d4 d5 3. exd5 exd5 4. Bd3 Nc6 5. Nf3 Bg4 6. c3 Qe7+ 7. Be3 O-O-O 8.
O-O f6 9. b4 g5 10. Nbd2 h5 11. Re1 Qd6 12. Qc2 Nh6 13. b5 Na5 14. Qa4 Qa3 15.
Qxa3 Bxa3 16. Rab1 Nf5 17. h3 Nxe3 18. Rxe3 Bd7 19. Nb3 Nxb3 20. axb3 Bd6 21.
Ra1 g4 22. hxg4 hxg4 23. Ne1 Kb8 24. g3 Rde8 25. Ng2 f5 26. Rae1 Reg8 27. Nf4
Bxf4 28. gxf4 Rh5 29. Re7 Bc8 30. Re8 Rg6 31. R1e5 g3 32. Rxc8+ Kxc8 33. Bxf5+
Rxf5 34. Rxf5 c6 35. bxc6 gxf2+ 36. Kxf2 bxc6 37. Rf7 Rg4 38. f5 Rf4+ 39. Kg3
Rf1 40. Kg4 Rg1+ 41. Kf4 Rf1+ 42. Ke5 Re1+ 43. Kd6 c5 44. dxc5 1-0

[Event "SR 4. liga A21 2017/2018"]
[Site "?"]
[Date "2017.12.10"]
[Round "6.3"]
[White "Slaby, Jozef"]
[Black "Valach, Peter"]
[Result "1/2-1/2"]
[WhiteElo "1734"]
[BlackElo "1743"]
[PlyCount "66"]
[EventDate "2017.??.??"]

1. d4 Nf6 2. c4 e6 3. Nf3 d5 4. g3 Be7 5. Bg2 O-O 6. O-O c5 7. cxd5 Nxd5 8. e4
Nf6 9. Re1 Nc6 10. e5 Nd5 11. Nc3 cxd4 12. Nxd5 Qxd5 13. a3 Qb5 14. Nxd4 Nxd4
15. Qxd4 Rd8 16. Qg4 Bd7 17. Bh6 g6 18. b4 Bc6 19. Bxc6 bxc6 20. Rac1 Rd3 21.
Qe4 Qd5 22. Rxc6 Rd1 23. Rxd1 Qxe4 24. Rdc1 Rd8 25. Rc7 Bf8 26. Bg5 Ra8 27. Rc8
Rxc8 28. Rxc8 Qe1+ 29. Kg2 Qe4+ 30. Kg1 Qb7 31. Re8 Qd7 32. Rd8 Qc7 33. Re8 Qd7
1/2-1/2